University of Kabianga

Upeo wa Sintaksia ya Kiswahili/ (Record no. 11327)

MARC details
000 -LEADER
fixed length control field 00708nam a22002177a 4500
005 - DATE AND TIME OF LATEST TRANSACTION
control field 20250917083534.0
008 - FIXED-LENGTH DATA ELEMENTS--GENERAL INFORMATION
fixed length control field 250917b |||||||| |||| 00| 0 eng d
020 ## - INTERNATIONAL STANDARD BOOK NUMBER
International Standard Book Number 9789914378665
040 ## - CATALOGING SOURCE
Original cataloging agency LC
Transcribing agency LC
Modifying agency UoK
050 ## - LIBRARY OF CONGRESS CALL NUMBER
Classification number PL 8702
Item number . O28 2025
100 ## - MAIN ENTRY--PERSONAL NAME
Personal name Obuchi, Samuel M.
9 (RLIN) 1463
245 ## - TITLE STATEMENT
Title Upeo wa Sintaksia ya Kiswahili/
Statement of responsibility, etc. Samuel M. Obuchi
260 ## - PUBLICATION, DISTRIBUTION, ETC.
Place of publication, distribution, etc. Nairobi
Name of publisher, distributor, etc. Real text Publishers
Date of publication, distribution, etc. 2025
300 ## - PHYSICAL DESCRIPTION
Extent xii, 380p.:
Other physical details ill.;
500 ## - GENERAL NOTE
General note Includes Bibliographic References
650 ## - SUBJECT ADDED ENTRY--TOPICAL TERM
Topical term or geographic name entry element Swahili language--Syntax
650 ## - SUBJECT ADDED ENTRY--TOPICAL TERM
Topical term or geographic name entry element Swahili language--Discourse analysis
650 ## - SUBJECT ADDED ENTRY--TOPICAL TERM
Topical term or geographic name entry element Swahili language--Grammar, Generative
700 ## - ADDED ENTRY--PERSONAL NAME
Personal name Mwita, Leonard Chacha
942 ## - ADDED ENTRY ELEMENTS (KOHA)
Source of classification or shelving scheme Library of Congress Classification
Koha item type General Collection
Holdings
Withdrawn status Lost status Source of classification or shelving scheme Damaged status Not for loan Home library Current library Shelving location Date acquired Total Checkouts Full call number Barcode Checked out Date last seen Date last checked out Price effective from Koha item type
    Library of Congress Classification     Main Campus Library Main Campus Library General Stacks 17/09/2025 3 PL 8702 . O28 2025 00027260 15/05/2026 28/04/2026 28/04/2026 17/09/2025 General Collection